000
00340nam a2200145Ia 4500
008
150201s2006 xx 000 0 und d
082
_a
614
_b
G06W
100
_a
WHO
245
_a
GUIDELINES FOR THE TREATMENT OF MALARIA
250
_a
1ST
260
_b
WHO
_a
WHO
_c
2006
300
_a
1-253
650
_a
COMMUNITY MEDICINE
942
_2
ddc
_c
BK
999
_c
1748
_d
1748